Normal view MARC view
  • Khyber Pakhtunkhwa (Pakistan)

Entry Geographic Name

Number of records used in: 5

001 - CONTROL NUMBER

  • control field: 1307

003 - CONTROL NUMBER IDENTIFIER

  • control field: NUST

005 - DATE AND TIME OF LATEST TRANSACTION

  • control field: 20170523121433.0

008 - FIXED-LENGTH DATA ELEMENTS

  • fixed length control field: 170523|| aca||aabn | a|a d

040 ## - CATALOGING SOURCE

  • Original cataloging agency: NUST
  • Transcribing agency: NUST

151 ## - HEADING--GEOGRAPHIC NAME

  • Geographic name: Khyber Pakhtunkhwa (Pakistan)

670 ## - SOURCE DATA FOUND

  • Source citation: Work cat.: (NUST)0: Imperial gazetteer of India. Provincial series. North-west Frontier Province., 2002.
© 2023 Central Library, National University of Sciences and Technology. All Rights Reserved.